La condición animal: de los dinosaurios a la gripe aviar

Salvato in:
Dettagli Bibliografici
Natura: Libro
Lingua:spagnolo
Pubblicazione: Santiago Aún Creemos en los Sueños 2005
Serie:Le Monde Diplomatique, 47
Soggetti:
Tags: Aggiungi Tag
Nessun Tag, puoi essere il primo ad aggiungerne!!

MARC

LEADER 00000nam a2200000 a 4500
001 UCI0244
003 CL-VaPUC
008 070427e20050000CL |||||||||||||||||spa|d
020 |a 9568134476 
082 0 4 |a 639.9  |b CON  |2 21 
245 1 3 |a La condición animal: de los dinosaurios a la gripe aviar 
300 |a 62 p 
942 |c BK 
945 |d 20070427 00:00:00  |a jtorresc 
260 |a Santiago  |b Aún Creemos en los Sueños  |c 2005 
650 0 |a Conservación de la vida silvestre  |9 520377 
650 0 |a Zoonosis  |9 420648 
650 0 |a Vertebrados  |9 320144 
650 0 |a Animales en extinción   |9 520378 
650 0 |a Dinosaurios  |9 327603 
583 |a last modification  |c 20130304 04:32:06  |k Rodrigo Vera 
490 0 |a Le Monde Diplomatique, 47 
999 |c 325481  |d 325479 
952 |0 0  |1 0  |4 0  |6 639_900000000000000_CON_2005  |7 0  |8 A  |9 406441  |a BIBCUR  |b BIBCUR  |d 2019-11-22  |i 4203798  |o 639.9 CON 2005  |p 4203798  |r 2025-04-22  |w 2019-11-22  |y BK  |k BCB